000 00277cam a2200121ua 4500
082 _a911
_bSHE/HI
100 _aSheperd, William R.
_91499
245 _aHistorical Atlas /
250 _a8 th
260 _aNew York :
_bBarnes & Noble ,
_c1956.
300 _a115 ; .
942 _cREF
999 _c866
_d866